Normal view
MARC view
- Fyodor Dostovevsky
Entry Personal Name
001 - CONTROL NUMBER
- control field: 112665
003 - CONTROL NUMBER IDENTIFIER
- control field: NUST
005 - DATE AND TIME OF LATEST TRANSACTION
- control field: 20230526095239.0
008 - FIXED-LENGTH DATA ELEMENTS
- fixed length control field: 230526|| aca||aabn | a|a d
040 ## - CATALOGING SOURCE
- Original cataloging agency: NUST
- Transcribing agency: NUST
100 ## - HEADING--PERSONAL NAME
- Personal name: Fyodor Dostovevsky
670 ## - SOURCE DATA FOUND
- Source citation: Work cat.: (NUST)186529: Fyodor Dostovevsky, The Idiot, 1969
